Seis tipos aéreos (Record no. 163591)

MARC details
000 -LEADER
campo de control de longitud fija 00823nam a2200205 i 4500
001 - NÚMERO DE CONTROL
campo de control 163591
003 - IDENTIFICADOR DE NÚMERO DE CONTROL
campo de control ES-MaACL
005 - FECHA Y HORA DE LA ÚLTIMA TRANSACCIÓN
campo de control 20250712080308.0
008 - DATOS DE LONGITUD FIJA--INFORMACIÓN GENERAL
campo de control de longitud fija 010207s1891 sp a |||| | spa d
040 ## - FUENTE DE CATALOGACIÓN
Centro catalogador/agencia de origen CCPB | B
Lengua de catalogación spa
Centro/agencia transcriptor CCPB | B
100 1# - ENTRADA PRINCIPAL--NOMBRE DE PERSONA
Nombre de persona Rivas Ortiz, Juan.
9 (RLIN) 131857
245 10 - MENCIÓN DEL TÍTULO
Título Seis tipos aéreos
Resto del título : breve ensayo de ornitologia pasional (ameno y humorístico) /
Mención de responsabilidad, etc. Juan Rivas Ortiz ; con un prólogo de Natalio Rivas Santiago ; dibujos del autor ; fotograbados de Thomas.
260 ## - PUBLICACIÓN, DISTRIBUCIÓN, ETC.
Lugar de publicación, distribución, etc. Albuñol :
Nombre del editor, distribuidor, etc. [s.n.],
Fecha de publicación, distribución, etc. 1891 (
Fabricante Imp. de Juan López García)
300 ## - DESCRIPCIÓN FÍSICA
Extensión 204 p. :
Otras características físicas il. ;
Dimensiones 19 cm.
650 #4 - PUNTO DE ACCESO ADICIONAL DE MATERIA--TÉRMINO DE MATERIA
Término de materia o nombre geográfico como elemento de entrada Ornitología.
9 (RLIN) 136637
700 1# - ENTRADA AGREGADA--NOMBRE PERSONAL
Nombre de persona Thomas, Josep,
Fechas asociadas al nombre 1853-1910
9 (RLIN) 133224
700 1# - ENTRADA AGREGADA--NOMBRE PERSONAL
Nombre de persona Rivas Santiago, Natalio,
Fechas asociadas al nombre 1865-1958
9 (RLIN) 97593
852 ## - LOCALIZACIÓN
Ubicación ES-MaACL
Número de control de estantería D-1035
Nota libre - Rust.
Holdings
Estatus retirado Estado de pérdida Estado de daño No para préstamo Colección Biblioteca de origen Biblioteca actual Ubicación en estantería Fecha de adquisición Fuente de adquisición Total de préstamos Signatura topográfica completa Código de barras Visto por última vez Precio de reemplazo Tipo de ítem Koha
        Libros del s. XIX Biblioteca del Ateneo de Madrid Biblioteca del Ateneo de Madrid Sala Valle Inclán 17/01/2008     D-1035 901171430 23/02/2023 23/02/2023 Libro impreso antiguo